| 000 | 01186nam a2200301 a 4500 | ||
|---|---|---|---|
| 003 | CO-ViMGA | ||
| 005 | 20230915233131.0 | ||
| 008 | 110523s2009 ck ab gr 00010 spa d | ||
| 020 | _a9789588306537 | ||
| 040 |
_aCO-ViMGA _bspa _cCO-ViMGA |
||
| 043 |
_as-ck--- _as-ve--- |
||
| 082 | 0 | 4 |
_a770.986 _bH17a |
| 100 | 1 | 0 |
_aHarker, Santiago, _d1951- _920702 |
| 245 | 1 | 0 |
_aApalaanchi _bpescadores wayuu _cSantiago Harker ; direccin̤ y edicin̤ Benjamn̕ Villegas ; textos Weildler Guerra Curvelo, Miguel Angel Lp̤ez-Hernǹdez |
| 250 | _a1a. edicin̤ | ||
| 260 |
_aBogot _bVillegas Editores _c2009 |
||
| 300 |
_a155 pg̀inas _bfotografa̕s, mapas _c29 cm. |
||
| 500 | _aDonacin̤ Villegas Editores | ||
| 500 | _aIncluye datos biogrf̀icos del autor | ||
| 600 | 1 | 4 |
_aHarker, Santiago, _d1951- _vTrabajos fotogrf̀icos _920703 |
| 650 | 1 | 4 |
_2LEMB _aFotografa̕ colombiana _920707 |
| 650 | 1 | 4 |
_2LEMB _aPescadores wayus _vFotografa̕s _920706 |
| 650 | 1 | 4 |
_2LEMB _aPescadores _zColombia _vFotografa̕s _920704 |
| 700 | 1 | 0 |
_aGuerra Curvelo, Weildler. _920708 |
| 700 | 1 | 0 |
_aLp̤ez-Hernǹdez, Miguel Angel, _d1965- _920709 |
| 700 | 1 | 0 |
_aVillegas, Benjamn̕, _d1948- _eeditor _919960 |
| 942 |
_2ddc _cBK |
||
| 999 |
_c9280 _d9280 |
||